Detalles MARC
| 000 -LEADER |
| fixed length control field |
01635nam a2200349 a 4500 |
| 005 - FECHA ULTIMA MODIFICACION |
| control field |
20240702092913.0 |
| 008 - CAMPO DE CONTROL (LIBRO) |
| fixed length control field |
100510t1972||||sp a . f |||| 001 0 spa d |
| 041 ## - CODIGO DE IDIOMA |
| Código de idioma del texto/pista de sonido o título separado |
spa |
| 092 ## - SIGNATURA TOPOGRAFICA DEWEY LOCAL |
| número de clasificación |
611 |
| libristica |
82 |
| sección |
TES |
| 100 1# - ENTRADA PRINCIPAL--NOMBRE PERSONAL |
| Nombre personal |
Testut, L. |
| 9 (RLIN) |
145 |
| 245 ## - TITULO PROPIAMENTE DICHO |
| Título |
Tratado de Anatomía Humana. |
| Subtítulo y Título paralelo |
T.3 Meninges. Sistema Nervioso Periférico. Órganos de los sentidos. Aparato de la respiración y de la fonación. Glándulas de secreción interna / |
| Mención de responsabilidad y remanente de la transcripción de la portada |
L. Testut |
| 250 ## - MENCION DE EDICION |
| Mención de edición |
9a ed. revisada, corregida y aumentada |
| Mención de responsabilidad relacionada con la ed. |
Dibujos de G. Devy y S. Dupret |
| 260 ## - PIE DE IMPRENTA |
| Lugar de publicación, distribución, etc |
Barcelona: |
| Nombre de la editorial, distribuidor, etc |
Salvat; |
| Fecha de publicación |
1972. |
| 300 ## - DESCRIPCION FISICA |
| Extension |
1142 p. |
| Otros detalles físicos |
1019 grabados, varios en color. |
| 500 ## - NOTA GENERAL |
| Nota general |
Testut, L. y Latarjet, A. (1972). Tratado de anatomía humana. T.3 Meninges. Sistema Nervioso Periférico. Órganos de los sentidos. Aparato de la respiración y de la fonación. Glándulas de secreción interna. (9a ed.). Barcelona : Salvat. |
| 653 ## - TÉRMINO INDIZADO - PALABRAS CLAVES |
| Palabra clave |
Meninges |
| 653 ## - TÉRMINO INDIZADO - PALABRAS CLAVES |
| Palabra clave |
Sistema Nervioso Periferico |
| 653 ## - TÉRMINO INDIZADO - PALABRAS CLAVES |
| Palabra clave |
Nervios craneales |
| 653 ## - TÉRMINO INDIZADO - PALABRAS CLAVES |
| Palabra clave |
Nervios raquideos |
| 653 ## - TÉRMINO INDIZADO - PALABRAS CLAVES |
| Palabra clave |
Constitución general del Sistema Nervioso Vegetativo |
| 653 ## - TÉRMINO INDIZADO - PALABRAS CLAVES |
| Palabra clave |
Estudio macroscópico del Sistema Nervio Organovegetativo |
| 653 ## - TÉRMINO INDIZADO - PALABRAS CLAVES |
| Palabra clave |
Organos de los sentidos |
| 653 ## - TÉRMINO INDIZADO - PALABRAS CLAVES |
| Palabra clave |
Sentido del tacto (piel y sus anexos) |
| 653 ## - TÉRMINO INDIZADO - PALABRAS CLAVES |
| Palabra clave |
Sentido del gusto (lengua) |
| 653 ## - TÉRMINO INDIZADO - PALABRAS CLAVES |
| Palabra clave |
Sentido del olfato (fosas nasales y pituitaria) |
| 653 ## - TÉRMINO INDIZADO - PALABRAS CLAVES |
| Palabra clave |
Sentido de la vista (ojo y sus anexos) |
| 653 ## - TÉRMINO INDIZADO - PALABRAS CLAVES |
| Palabra clave |
Sentido del oído |
| 653 ## - TÉRMINO INDIZADO - PALABRAS CLAVES |
| Palabra clave |
Aparato de la respiración y de la fonación |
| 653 ## - TÉRMINO INDIZADO - PALABRAS CLAVES |
| Palabra clave |
Glándulas de secreción interna o glándulas endrocrinas |
| 700 1# - ENTRADAS SECUNDARIAS - NOMBRE PERSONAL |
| Nombre personal |
Latarjet, A. |
| 9 (RLIN) |
146 |
| 942 ## - ADDED ENTRY ELEMENTS (KOHA) |
| Source of classification or shelving scheme |
Dewey Decimal Classification |
| Item type |
Libros |